| 000 | 01266cam a2200229 i 4500 | ||
|---|---|---|---|
| 999 |
_c7641 _d7641 |
||
| 003 | OSt | ||
| 005 | 20200317114853.0 | ||
| 008 | 130326t20132013dcua b 001 0 eng | ||
| 020 | _a9781610914314 (pbk. : alk. paper) | ||
| 040 |
_aDLC _beng _cDLC _erda _dDLC |
||
| 082 | 0 | 0 |
_a388.411 _223 _bBAR |
| 100 | 1 | _aMcCann, Barbara. | |
| 245 | 1 | 0 |
_aCompleting our streets : _bthe transition to safe and inclusive transportation networks / _cBarbara McCann. |
| 300 |
_axvi, 205 pages : _billustrations ; _c23 cm. |
||
| 504 | _aIncludes bibliographical references (pages 185-191) and index. | ||
| 505 | 0 | _aWhy we build incomplete streets -- How the complete streets movement succeeds -- Closing the gap between policy and practice -- Process over projects: changing how decisions are made -- Looking for every opportunity -- Practitioners as champions -- Answering a loaded question: how much do complete streets cost? -- The balancing act: setting priorities for different users -- Expanding complete streets. | |
| 650 | 0 |
_aUrban transportation policy _zUnited States _xCitizen participation. |
|
| 650 | 0 |
_aStreets _zUnited States _xPlanning. |
|
| 650 | 0 |
_aTraffic safety _zUnited States _xPlanning. |
|
| 650 | 0 |
_aCity planning _zUnited States _xCitizen participation. |
|
| 942 | _2ddc | ||